PHARMACEUTICAL ORGANIC CHEMISTRY (SEM-I) (Record no. 5895)

MARC details
000 -LEADER
fixed length control field 00453nam a22001697a 4500
005 - DATE AND TIME OF LATEST TRANSACTION
control field 20240109110039.0
008 - FIXED-LENGTH DATA ELEMENTS--GENERAL INFORMATION
fixed length control field 190529b xxu||||| |||| 00| 0 eng d
020 ## - INTERNATIONAL STANDARD BOOK NUMBER
ISBN 978-93-5164-857-4
041 ## - LANGUAGE CODE
Language code of text/sound track or separate title eng
100 ## - MAIN ENTRY--AUTHOR NAME
Personal name BIOTHARA, DR. K.G. AND GABHE, DR. S.Y.
245 ## - TITLE STATEMENT
Title PHARMACEUTICAL ORGANIC CHEMISTRY (SEM-I)
250 ## - EDITION STATEMENT
Edition statement 4th Ed. 2019
260 ## - PUBLICATION, DISTRIBUTION, ETC. (IMPRINT)
Place of publication PUNE
Name of publisher NIRALI PRAKASHAN
300 ## - PHYSICAL DESCRIPTION
Number of Pages 19.26p,
650 ## - SUBJECT ADDED ENTRY--TOPICAL TERM
Topical Term PHARMACY
General subdivision B.PHARMA
942 ## - ADDED ENTRY ELEMENTS (KOHA)
Koha item type Books
Holdings
Lost status Damaged status Collection code Home library Current library Shelving location Date acquired Source of acquisition Cost, normal purchase price Full call number Accession Number Koha item type
    PHARMACY JRU Library JRU Library SHELF-17-D 29/05/2019 PURCHESS 250.00 615.19 22848 Books
    PHARMACY JRU Library JRU Library SHELF-17-D 29/05/2019 PURCHESS 250.00 615.19 22849 Books
    Reference JRU Library JRU Library SHELF-5-A 29/05/2019 PURCHESS 250.00   22850 Books